00337nam a2200121 a 4500008004100000020001500041050001500056100001500071245005200086260005100138350000900189700001700198120416s0000 ||||||||||||||||| || u a8176482390 aTN 155 Min aDhar, B. B10aMining policy initiativescedited by B. B. Dhar aNew DelhibA.P.H. Publishing corporationc2001 a0.00 aGautam, N. N